000 01115nam a2200229Ia 4500
003 Ost
005 20260507075114.0
008 260507s9999||||xx |||||||||||||| ||und||
020 _a9961623673
040 _cfsecg
041 _aara
100 _aدويدار، محمد
_eمؤلف
245 0 _aمبادئ الاقتصاد السياسي :
_bالإقتصاد الدولي /
_c محمد دويدار
260 _aالجزائر:
_bالمؤسسة الوطنية للفنون المطبعية,
_c2004
300 _a482 صفحة؛
_bإيضاحات ؛
_c24 سم
504 _a(اقتناءات 2014 01ن)
520 _aالأداء اليومي للاقتصاد الرأسمالي، الاقتصاد النقدي، في التعريف بالنقود، في المؤسسات النقدية:النظام المصرفي في ظل طريقة الانتاج الرأسمالية، النقود ونظريات أداء الاقتصاد الرأسمالي
653 _aالإقتصاد الدولي
653 _aالإقتصاد الرأسمالي
653 _aالإقتصاد السياسي
942 _cكتاب
999 _c42990
_d42990